THE WAVES (Record no. 216510)
[ view plain ]
| 000 -LEADER | |
|---|---|
| fixed length control field | 00407nam a22001457a 4500 |
| 008 - FIXED-LENGTH DATA ELEMENTS--GENERAL INFORMATION | |
| fixed length control field | 260203b |||||||| |||| 00| 0 eng d |
| 020 ## - INTERNATIONAL STANDARD BOOK NUMBER | |
| International Standard Book Number | 978-0-09947-827-0 |
| 100 ## - MAIN ENTRY--PERSONAL NAME | |
| Personal name | WOOLF, VIRGINIA |
| 245 ## - TITLE STATEMENT | |
| Title | THE WAVES |
| 260 ## - PUBLICATION, DISTRIBUTION, ETC. | |
| Place of publication, distribution, etc. | LONDON |
| Name of publisher, distributor, etc. | VINTAGE BOOKS |
| Date of publication, distribution, etc. | 2004 |
| 300 ## - PHYSICAL DESCRIPTION | |
| Extent | XVII, 198P. |
| 650 ## - SUBJECT ADDED ENTRY | |
| Topical term or geographic name entry element | 1. EXPERIMENTAL FICTION , ENGLISH 2 INTERIOR MONLOGUE - FICTION |
| 942 ## - ADDED ENTRY ELEMENTS (KOHA) | |
| Source of classification or shelving scheme | Library of Congress Classification |
| Koha item type | Long Loan Book |
| Withdrawn status | Lost status | Source of classification or shelving scheme | Damaged status | Not for loan | Collection | Home library | Current library | Shelving location | Date acquired | Inventory number | Total checkouts | Full call number | Barcode | Date last seen | Date last checked out | Copy number | Price effective from | Koha item type |
|---|---|---|---|---|---|---|---|---|---|---|---|---|---|---|---|---|---|---|
| Library of Congress Classification | Fiction & Motivational | Kisii University Library | Kisii University Library | Fiction | 02/03/2026 | 111664 | 1 | PR 6045 .O72W3 2004 | 50215 | 03/31/2026 | 03/14/2026 | C.1 | 02/03/2026 | Long Loan Book | ||||
| Library of Congress Classification | Fiction & Motivational | Kisii University Library | Kisii University Library | Fiction | 02/03/2026 | 111665 | PR 6045 .O72W3 2004 | 50217 | 02/03/2026 | C.2 | 02/03/2026 | Long Loan Book | ||||||
| Library of Congress Classification | Fiction & Motivational | Kisii University Library | Kisii University Library | Fiction | 02/03/2026 | 111666 | PR 6045 .O72W3 2004 | 50218 | 02/03/2026 | C.3 | 02/03/2026 | Long Loan Book | ||||||
| Library of Congress Classification | Fiction & Motivational | Kisii University Library | Kisii University Library | Fiction | 02/03/2026 | 111667 | PR 6045 .O72W3 2004 | 50220 | 02/03/2026 | C.4 | 02/03/2026 | Long Loan Book | ||||||
| Library of Congress Classification | Fiction & Motivational | Kisii University Library | Kisii University Library | Fiction | 02/03/2026 | 111668 | PR 6045 .O72W3 2004 | 50219 | 02/03/2026 | C.5 | 02/03/2026 | Long Loan Book |